| 000 | 01115nam a2200325Ia 4500 | ||
|---|---|---|---|
| 003 | OSt | ||
| 005 | 20221007123657.0 | ||
| 006 | a|||||r|||| 00| 0 | ||
| 007 | ta | ||
| 008 | 221006b |||||||| |||| 00| 0 eng d | ||
| 020 |
_a0387004408 (pbk) _cRs.2324.29 |
||
| 024 | _a77682 | ||
| 037 |
_b1893, 29/03/2007, Unilib Book Distributors _cTextbook |
||
| 040 |
_aPAPL _cPAPL _beng |
||
| 041 |
_2eng _aeng |
||
| 082 | _aC:(T), P4 Carpa | ||
| 100 |
_aDubeck Leroy W _9717579 |
||
| 245 | 0 |
_aFantastic voyages:learning science through science fiction films _b Moshier Suzanne E Boss Judith E |
|
| 250 | _a2 | ||
| 260 |
_aNew _bYork Springer-Verlag _c2004 |
||
| 300 |
_axvi,347p. _ccm. |
||
| 500 | _aIndex 341-347p | ||
| 650 |
_a Physics-study and teaching _9717580 |
||
| 650 |
_a Science fiction films _9717581 |
||
| 650 | _aPhysics | ||
| 700 |
_a Boss Judith E _9717582 |
||
| 700 |
_a Moshier Suzanne E _9717583 |
||
| 942 |
_hC:(T), P4 Carpa _cTB _2CC |
||
| 999 |
_c1212305 _d1212305 |
||